| 000 | 00562nam a2200181Ia 4500 | ||
|---|---|---|---|
| 999 |
_c23217 _d23217 |
||
| 003 | OSt | ||
| 005 | 20200515090753.0 | ||
| 008 | 190216s9999||||xx |||||||||||||| ||und|| | ||
| 020 | _a9788189965259 | ||
| 040 | _coclc | ||
| 082 |
_a297.57 _bVAH/I |
||
| 100 |
_aVahab, A A _92274 |
||
| 245 | 3 |
_aAn Introduction To Islamic Psychology / _cA A Vahab |
|
| 260 |
_bInstitute Of Objective Studies, _c2009. _aNewdelhi: |
||
| 300 | _a102p | ||
| 650 | 0 |
_aHistory & geography _vIslamic History _92271 |
|
| 942 |
_cBK _2ddc _h297.57 _iVAH/I _k297.57 _mVAH/I |
||